[Event "XII Torneo Leonardo di Bona Masters"]
[Site "Cutro ITA"]
[Date "2006.04.29"]
[Round "7"]
[White "Van Hoolandt, Patrick"]
[Black "Sardo, Gabriele"]
[Result "1-0"]
[WhiteElo "2246"]
[BlackElo "2186"]
[PlyCount "87"]
[EventDate "2006.04.23"]

1.d4 d5 2.c4 c6 3.cxd5 cxd5 4.Nf3 Nf6 5.Nc3 Nc6 6.Bf4 Bf5 7.e3 e6 8.Bb5 
Nd7 9.O-O Rc8 10.Qb3 Be7 11.Rfc1 O-O 12.Bxc6 bxc6 13.Qb7 a5 14.Na4 c5 15.
Ne5 Nxe5 16.Bxe5 f6 17.Bg3 e5 18.Nb6 Rb8 19.Qxd5+ Kh8 20.dxc5 Bxc5 21.Qxc5
Qxb6 22.Qxb6 Rxb6 23.b3 a4 24.bxa4 Ra8 25.a3 Rb3 26.Rc4 Bd7 27.a5 Rxa5 28.
Rd1 Kg8 29.f4 Bb5 30.Rc7 Bd3 31.fxe5 fxe5 32.Re7 Rb1 33.Rxb1 Bxb1 34.Bxe5 
Rxa3 35.Rxg7+ Kf8 36.Rb7 Rxe3 37.Bd6+ Ke8 38.Rxb1 Kf7 39.Kf2 Rd3 40.Bf4 
Kg6 41.g4 Ra3 42.Rb6+ Kg7 43.Be5+ Kf7 44.Rf6+ 1-0

[Event "XII Torneo Leonardo di Bona Masters"]
[Site "Cutro ITA"]
[Date "2006.04.30"]
[Round "8"]
[White "Cordi', Domenico"]
[Black "Blasco, Domenico"]
[Result "1-0"]
[WhiteElo "2065"]
[BlackElo "2008"]
[PlyCount "109"]
[EventDate "2006.04.23"]

1.e4 g6 2.d4 Bg7 3.c4 d6 4.Nc3 e5 5.Be3 Nc6 6.Nge2 Nh6 7.d5 Ne7 8.f3 f5 9.
Nc1 O-O 10.Be2 c5 11.Nd3 a6 12.a3 Bd7 13.O-O f4 14.Bf2 g5 15.b4 b6 16.bxc5
bxc5 17.Rb1 Rb8 18.Rxb8 Qxb8 19.Qc2 Qc7 20.Rb1 Rb8 21.Rb3 g4 22.Qb2 Rxb3 
23.Qxb3 gxf3 24.Bxf3 Ng4 25.Bxg4 Bxg4 26.Qa4 Qc8 27.Qa5 f3 28.Qb6 Qd7 29.
Qxa6 Ng6 30.Nb5 Bf8 31.Qa7 Qd8 32.Qc7 Qf6 33.g3 Bh3 34.Qa5 Qg5 35.Qe1 Nf4 
36.Nxf4 exf4 37.Qc1 Qe5 38.gxf4 Qxe4 39.a4 Qg6+ 40.Bg3 Qd3 41.a5 f2+ 42.
Kxf2 Bg4 43.Qf1 Qd2+ 44.Kg1 Be2 45.Qe1 Qa2 46.Nc3 Qxc4 47.Nxe2 Qxd5 48.a6 
Qa2 49.Nc3 Qxa6 50.Qe6+ Kg7 51.Nd5 Qa1+ 52.Kg2 h6 53.f5 Qd4 54.Qg6+ Kh8 
55.Nf6 1-0

[Event "XII Torneo Leonardo di Bona Masters"]
[Site "Cutro ITA"]
[Date "2006.04.30"]
[Round "8"]
[White "Lazic, Miroljub"]
[Black "Serratore, Vincenzo"]
[Result "1-0"]
[WhiteElo "2493"]
[BlackElo "2046"]
[PlyCount "69"]
[EventDate "2006.04.23"]

1.Nc3 d5 2.e4 d4 3.Nce2 c5 4.Ng3 e5 5.Nf3 Bd6 6.Bc4 h6 7.d3 Nf6 8.O-O O-O 
9.c3 a6 10.cxd4 cxd4 11.Bd2 Nc6 12.a3 Qe7 13.Nh4 Qd8 14.Ngf5 Kh7 15.Qf3 
Be6 16.Qg3 Nh5 17.Qg4 Bxf5 18.Nxf5 g6 19.Bxh6 Rh8 20.Bxf7 Qf6 21.Bg5 Qxf7 
22.Nxd6 Qc7 23.Nc4 Raf8 24.Rac1 Nf4 25.Bxf4 exf4 26.Nd2 Qe7 27.Nf3 Kg7 28.
Rc4 Qd6 29.Rfc1 Rf7 30.Rc5 Qd8 31.Ng5 Qf6 32.Nxf7 Kxf7 33.Rxc6 bxc6 34.
Qd7+ Qe7 35.Qxe7+ 1-0

[Event "XII Torneo Leonardo di Bona Masters"]
[Site "Cutro ITA"]
[Date "2006.04.30"]
[Round "8"]
[White "Marholev, Dimitar"]
[Black "Di Caro, Calogero"]
[Result "1/2-1/2"]
[WhiteElo "2419"]
[BlackElo "2318"]
[PlyCount "159"]
[EventDate "2006.04.23"]

1.e4 e6 2.d4 d5 3.Nd2 dxe4 4.Nxe4 Nd7 5.Nf3 Ngf6 6.Nxf6+ Nxf6 7.Bd3 c5 8.
Be3 Qc7 9.Qe2 Bd7 10.Ne5 cxd4 11.Bxd4 Bc5 12.Bxc5 Qxc5 13.O-O-O Bc6 14.
Nxc6 bxc6 15.Rhe1 O-O 16.f4 Rfd8 17.g3 Rab8 18.Qe5 Qb6 19.b3 Rd5 20.Qe3 
Qb4 21.a4 Qa3+ 22.Kd2 Rxb3 23.Ke2 Rc3 24.Qxa7 g6 25.Ra1 Qd6 26.Rad1 c5 27.
Qa5 Ra3 28.Qa8+ Kg7 29.Bc4 Rxd1 30.Rxd1 Re3+ 31.Kxe3 Qxd1 32.Be2 Nd5+ 33.
Kf2 Qd4+ 34.Ke1 Qg1+ 35.Kd2 Qe3+ 36.Ke1 Qg1+ 37.Kd2 Qxh2 38.c4 Nf6 39.Qf3 
Qg1 40.Qc3 h5 41.a5 Qb1 42.Bd3 Qb7 43.Bc2 h4 44.gxh4 Qg2+ 45.Kc1 Qf1+ 46.
Kb2 Qxf4 47.a6 Qc7 48.Ba4 e5 49.Qb3 e4 50.Qc3 Qe7 51.Bd1 Qa7 52.Qa5 Nd7 
53.Ba4 Ne5 54.Bb5 Nd3+ 55.Kb3 Nb4 56.Qa1+ f6 57.h5 gxh5 58.Qg1+ Kf7 59.Qh1
f5 60.Qxh5+ Kf6 61.Qh4+ Ke5 62.Qg3+ Kf6 63.Qf4 Kg6 64.Be8+ Kf6 65.Qh4+ Ke5
66.Qh8+ Kf4 67.Qh2+ Kg5 68.Qg3+ Kf6 69.Qd6+ Kg5 70.Qd2+ Kf6 71.Qd8+ Ke5 
72.Bb5 e3 73.Qh8+ Ke4 74.Qh1+ Kd3 75.Qb1+ Ke2 76.Qb2+ Ke1 77.Qe5 e2 78.
Qg3+ Kd2 79.Qf4+ Kd1 80.Qd6+ 1/2-1/2

[Event "XII Torneo Leonardo di Bona Masters"]
[Site "Cutro ITA"]
[Date "2006.04.30"]
[Round "8"]
[White "Mrdja, Milan"]
[Black "Naumkin, Igor"]
[Result "0-1"]
[WhiteElo "2409"]
[BlackElo "2415"]
[PlyCount "152"]
[EventDate "2006.04.23"]

1.e4 e5 2.Nf3 Nc6 3.Bb5 a6 4.Ba4 Nf6 5.Qe2 d6 6.c3 b5 7.Bc2 g6 8.O-O Bg7 
9.a4 Rb8 10.axb5 axb5 11.d4 O-O 12.dxe5 dxe5 13.b4 Nh5 14.Rd1 Qf6 15.Bg5 
Qe6 16.Nbd2 Nf4 17.Qe3 Qg4 18.Bxf4 Qxf4 19.Qe2 Nd8 20.Ne1 Ne6 21.Bb3 Ng5 
22.Nd3 Qf6 23.Nc5 h5 24.h4 Nh7 25.Nf3 Qe7 26.Qe3 Bg4 27.g3 Rb6 28.Rd3 Rf6 
29.Nh2 Bc8 30.Ra8 Rd6 31.Nf3 Bg4 32.Rxf8+ Qxf8 33.Nh2 Bh6 34.Qe1 Bh3 35.
Qd1 Nf6 36.Nf3 Bg4 37.Qf1 Qe7 38.Nh2 Bc8 39.Qd1 Kg7 40.Kg2 Qd8 41.Qe2 Rxd3
42.Nxd3 Qd6 43.Nf1 Bg4 44.f3 Bc8 45.Nf2 Bd7 46.Nd3 g5 47.hxg5 Bxg5 48.Nc5 
h4 49.Nxd7 Qxd7 50.Ne3 hxg3 51.Nf5+ Kg6 52.Nxg3 Bf4 53.Nf5 Qd2 54.Bd1 Kg5 
55.Kf1 Nh5 56.Qxd2 Bxd2 57.Be2 Bxc3 58.Bxb5 Bxb4 59.Ke2 Nf4+ 60.Kd1 f6 61.
Kc2 Ba5 62.Bc6 Ng2 63.Kd3 Bb6 64.Ke2 Nf4+ 65.Kf1 Ne6 66.Bd5 Nf4 67.Bc6 Nd3
68.Bb5 Nc5 69.Ke2 Nb3 70.Ba6 Kf4 71.Bc4 Nd4+ 72.Nxd4 exd4 73.Ba6 Ke5 74.
Kd3 Kf4 75.Ke2 c5 76.Bc8 c4 0-1

[Event "XII Torneo Leonardo di Bona Masters"]
[Site "Cutro ITA"]
[Date "2006.04.30"]
[Round "8"]
[White "Scerbo, Antonio"]
[Black "Sardo, Gabriele"]
[Result "0-1"]
[WhiteElo "2124"]
[BlackElo "2186"]
[PlyCount "160"]
[EventDate "2006.04.23"]

1.d4 e6 2.c4 b6 3.Nc3 Bb7 4.e4 Bb4 5.Bd3 f5 6.Qe2 Bxc3+ 7.bxc3 fxe4 8.Bxe4
Bxe4 9.Qxe4 Nc6 10.Ba3 Nf6 11.Qe2 Ne7 12.Nf3 O-O 13.O-O Re8 14.Rfe1 Ng6 
15.Rad1 d5 16.Ng5 Qd7 17.Qd3 dxc4 18.Qxc4 Qd5 19.Qxd5 exd5 20.Ne6 Rac8 21.
f3 h6 22.Bc1 Kf7 23.Nf4 Nxf4 24.Bxf4 Re6 25.Rxe6 Kxe6 26.Re1+ Kd7 27.Be5 
Re8 28.Kf2 Re6 29.g4 Rc6 30.Re3 Rc4 31.h4 Ra4 32.Re2 Ne8 33.g5 hxg5 34.h5 
Ke7 35.Bxg7+ Kf7 36.h6 Nd6 37.Kg3 Kg6 38.Kg4 Ra3 39.Rh2 Nf7 40.Bf8 Rxc3 
41.h7 Nh8 42.Be7 Rc1 43.Kg3 Rc4 44.Bd8 c6 45.Bc7 Rxd4 46.Be5 Rh4 47.Bxh8 
Rxh2 48.Kxh2 Kxh7 49.Be5 Kg6 50.Bb8 a6 51.Ba7 b5 52.Kg3 Kf5 53.Bd4 b4 54.
Kf2 a5 55.Ke3 a4 56.Kd3 Kf4 57.Be3+ Kxf3 58.Bxg5 c5 59.Be7 c4+ 60.Kd4 b3 
61.axb3 axb3 62.Ba3 Ke2 63.Kc3 Ke1 64.Bc5 Kd1 65.Be3 Ke2 66.Bd4 Kf3 67.Bf6
Ke4 68.Bg7 Kf5 69.Bd4 Ke6 70.Bg7 Kd6 71.Bd4 Kc6 72.Be3 Kd6 73.Bd4 Ke6 74.
Bg7 Kf5 75.Bd4 Kf4 76.Bg7 Ke4 77.Bf6 Ke3 78.Bd4+ Ke2 79.Be5 Kd1 80.Bf4 d4+
0-1

[Event "XII Torneo Leonardo di Bona Masters"]
[Site "Cutro ITA"]
[Date "2006.04.30"]
[Round "8"]
[White "Van Hoolandt, Patrick"]
[Black "Cetkovic, Sergio"]
[Result "1-0"]
[WhiteElo "2246"]
[BlackElo "2101"]
[PlyCount "105"]
[EventDate "2006.04.23"]

1.d4 d6 2.Nf3 Nf6 3.c4 g6 4.Nc3 Bg7 5.e4 O-O 6.Be2 e5 7.O-O Nc6 8.d5 Ne7 
9.Ne1 c6 10.Rb1 cxd5 11.cxd5 Ne8 12.f3 f5 13.g4 fxg4 14.fxg4 Rxf1+ 15.Kxf1
Nf6 16.g5 Bh3+ 17.Kf2 Nh5 18.Bxh5 gxh5 19.Qxh5 Bd7 20.Ng2 b5 21.Qe2 b4 22.
Nd1 Rc8 23.Be3 Qa5 24.b3 Bb5 25.Qd2 Rf8+ 26.Kg3 Ng6 27.a4 Bd7 28.h4 Qa6 
29.Nf2 Nf4 30.Re1 h6 31.Kh2 hxg5 32.hxg5 Qb7 33.Nxf4 exf4 34.Bd4 Be5 35.
Bxe5 dxe5 36.Nd3 f3 37.Kg3 a5 38.Rh1 f2 39.Nxf2 Be8 40.Nd3 Qf7 41.Nxe5 Qg7
42.Nf3 Qd7 43.Rh4 Qd6+ 44.Kg2 Qa6 45.Rh6 Qb7 46.Qd4 Qg7 47.Qxg7+ Kxg7 48.
Nd4 Rf4 49.Nc6 Bxc6 50.Rxc6 Rg4+ 51.Kf2 Rxg5 52.d6 Kf7 53.Ke3 1-0

[Event "XII Torneo Leonardo di Bona Masters"]
[Site "Cutro ITA"]
[Date "2006.04.30"]
[Round "8"]
[White "Voiska, Margarita"]
[Black "Brancaleoni, Maurizio"]
[Result "1/2-1/2"]
[WhiteElo "2314"]
[BlackElo "2286"]
[PlyCount "107"]
[EventDate "2006.04.23"]

1.c4 e6 2.Nc3 d5 3.cxd5 exd5 4.d4 c6 5.Bf4 Nf6 6.Qc2 g6 7.f3 Na6 8.a3 Nh5 
9.Be3 f5 10.g3 f4 11.Bf2 Bd6 12.gxf4 Bxf4 13.e3 Bh6 14.Bxa6 bxa6 15.Nce2 
Qa5+ 16.b4 Qb6 17.Ng3 O-O 18.Rc1 Bd7 19.Qc5 Nf6 20.N1e2 Rfe8 21.Nf1 Rab8 
22.Bg3 Qxc5 23.Rxc5 Rb5 24.Be5 Kf7 25.Nc3 Rxc5 26.bxc5 Bh3 27.Kf2 Nd7 28.
Nd2 Nxe5 29.dxe5 Rxe5 30.f4 Re7 31.Nf3 Ke6 32.Rb1 Bf5 33.Nd4+ Kf6 34.Rb8 
Rc7 35.h4 Bg7 36.Nce2 h6 37.Nf3 Kf7 38.Ned4 Bf8 39.Ne5+ Kg7 40.Nxg6 Bxc5 
41.Ne5 Bxd4 42.exd4 c5 43.dxc5 Rxc5 44.Rb7+ Kf6 45.Rxa7 Ra5 46.Nc6 Rxa3 
47.Nb4 Be4 48.Ra8 a5 49.Nc6 a4 50.Nd4 h5 51.Ra6+ Kf7 52.Ra7+ Kf6 53.Ra6+ 
Kf7 54.Ra7+ 1/2-1/2

[Event "XII Torneo Leonardo di Bona Masters"]
[Site "Cutro ITA"]
[Date "2006.04.30"]
[Round "8"]
[White "Wohl, Aleksandar H."]
[Black "Bentivegna, Francesco"]
[Result "1/2-1/2"]
[WhiteElo "2432"]
[BlackElo "2287"]
[PlyCount "81"]
[EventDate "2006.04.23"]

1.e4 e5 2.Nf3 Nc6 3.Nc3 Nf6 4.g3 Nxe4 5.Nxe4 d5 6.Nc3 d4 7.Nb1 e4 8.Ng1 d3
9.c3 Bc5 10.Qh5 Bb6 11.Qh4 Qxh4 12.gxh4 Ne5 13.Bg2 O-O 14.b3 f5 15.Na3 Re8
16.Nc4 Nxc4 17.bxc4 Be6 18.Nh3 Bxc4 19.O-O c6 20.a4 Bd8 21.Rb1 b5 22.axb5 
cxb5 23.h5 Bf6 24.Ba3 a5 25.Bc5 Rac8 26.Bb6 a4 27.f3 Bxc3 28.fxe4 Bxd2 29.
exf5 Bc3 30.Nf4 a3 31.Nd5 Bb2 32.f6 gxf6 33.Rxb2 axb2 34.Nxf6+ Kf7 35.
Nxe8+ Kxe8 36.Rb1 d2 37.Bf3 Bd5 38.Rxb2 Rc1+ 39.Kf2 Bxf3 40.Rxd2 Bc6 41.
Rb2 1/2-1/2

[Event "XII Torneo Leonardo di Bona Masters"]
[Site "Cutro ITA"]
[Date "2006.05.01"]
[Round "9"]
[White "Blasco, Domenico"]
[Black "Voiska, Margarita"]
[Result "0-1"]
[WhiteElo "2008"]
[BlackElo "2314"]
[PlyCount "80"]
[EventDate "2006.04.23"]

1.d4 g6 2.Nf3 Bg7 3.e3 d6 4.c4 c5 5.Nc3 Nc6 6.Be2 Nf6 7.O-O O-O 8.d5 Na5 
9.e4 Bg4 10.Nd2 Bxe2 11.Qxe2 e6 12.dxe6 fxe6 13.Nf3 Nc6 14.Rd1 Ng4 15.Bg5 
Qd7 16.Nb5 Nge5 17.Rxd6 Nxf3+ 18.gxf3 Qf7 19.Rad1 Nd4 20.Nxd4 cxd4 21.e5 
Qf5 22.f4 Bxe5 23.Qxe5 Qg4+ 24.Kf1 Qxd1+ 25.Kg2 Qg4+ 26.Kf1 Qh3+ 27.Ke1 
Rf7 28.Qxd4 Qf5 29.Bh6 Qf6 30.Qd2 Re8 31.Bg5 Qf5 32.Rd8 Qe4+ 33.Kf1 Qxc4+ 
34.Kg1 Rxd8 35.Qxd8+ Kg7 36.b3 Qd5 37.Qb8 Qd1+ 38.Kg2 Qg4+ 39.Kf1 Rd7 40.
Qe5+ Kg8 0-1

[Event "XII Torneo Leonardo di Bona Masters"]
[Site "Cutro ITA"]
[Date "2006.05.01"]
[Round "9"]
[White "Di Caro, Calogero"]
[Black "Kasparov, Sergey"]
[Result "1/2-1/2"]
[WhiteElo "2318"]
[BlackElo "2481"]
[PlyCount "68"]
[EventDate "2006.04.23"]

1.Nf3 Nf6 2.c4 c5 3.d4 cxd4 4.Nxd4 b6 5.Nc3 Bb7 6.f3 d6 7.e4 e6 8.Be3 Be7 
9.Be2 a6 10.O-O O-O 11.Qd2 Nbd7 12.Rfd1 Rc8 13.Rac1 Qc7 14.a3 Qb8 15.b4 
Rfe8 16.Bf1 h6 17.Nb3 Kh8 18.Bf4 Ne5 19.Bxe5 dxe5 20.Qf2 Bc6 21.c5 bxc5 
22.Nxc5 Bxc5 23.bxc5 Qa7 24.Na2 a5 25.Nc3 Red8 26.Rxd8+ Rxd8 27.Bb5 Qc7 
28.a4 Rd4 29.Qc2 Nd7 30.Bxc6 Qxc6 31.Nb5 Rb4 32.Na7 Qc7 33.Nb5 Qc6 34.Na7 
Qc7 1/2-1/2

[Event "XII Torneo Leonardo di Bona Masters"]
[Site "Cutro ITA"]
[Date "2006.05.01"]
[Round "9"]
[White "Drasko, Milan"]
[Black "Van Hoolandt, Patrick"]
[Result "1-0"]
[WhiteElo "2504"]
[BlackElo "2246"]
[PlyCount "80"]
[EventDate "2006.04.23"]

1.d4 Nf6 2.c4 e6 3.Nc3 Bb4 4.Qc2 O-O 5.a3 Bxc3+ 6.Qxc3 b6 7.Bg5 Bb7 8.f3 
d5 9.e3 Nbd7 10.Nh3 h6 11.Bh4 c5 12.cxd5 Nxd5 13.Bxd8 Nxc3 14.Be7 Rfe8 15.
Bh4 Nd5 16.Bb5 g5 17.Bf2 Red8 18.e4 Nc7 19.Bxd7 Rxd7 20.dxc5 f5 21.cxb6 
axb6 22.O-O fxe4 23.fxe4 Bxe4 24.Bxb6 Rb8 25.Nf2 Bf5 26.Bxc7 Rxc7 27.b4 
Ra7 28.Rfe1 g4 29.Ne4 Rba8 30.Nc5 Rxa3 31.Rxa3 Rxa3 32.Nxe6 Kf7 33.Nc5 Ra2
34.Re3 h5 35.g3 Rb2 36.Rb3 Rc2 37.Na4 Be4 38.Rb2 Rc1+ 39.Kf2 Ra1 40.Nc5 
Bd5 1-0

[Event "XII Torneo Leonardo di Bona Masters"]
[Site "Cutro ITA"]
[Date "2006.05.01"]
[Round "9"]
[White "Roeder, Matthias"]
[Black "Mrdja, Milan"]
[Result "1-0"]
[WhiteElo "2403"]
[BlackElo "2409"]
[PlyCount "66"]
[EventDate "2006.04.23"]

1.Nf3 Nf6 2.c4 g6 3.Nc3 Bg7 4.e4 d6 5.d4 O-O 6.h3 c5 7.d5 e6 8.Bd3 exd5 9.
exd5 Re8+ 10.Be3 Bh6 11.O-O Bxe3 12.fxe3 Qe7 13.e4 Nbd7 14.Qd2 Ne5 15.Nxe5
Qxe5 16.Rf2 Re7 17.Raf1 Nd7 18.Ne2 a6 19.b3 b5 20.cxb5 axb5 21.Bxb5 Qxe4 
22.Nc3 Qe3 23.Qxe3 Rxe3 24.Bc6 Rxc3 25.Bxa8 f5 26.Bc6 Ne5 27.Bb5 Kf7 28.
Rf4 Kf6 29.Ra4 Kg5 30.h4+ Kh5 31.Ra7 f4 32.Rxf4 g5 33.Be2+ Bg4 1-0

[Event "XII Torneo Leonardo di Bona Masters"]
[Site "Cutro ITA"]
[Date "2006.05.01"]
[Round "9"]
[White "Sardo, Gabriele"]
[Black "Bentivegna, Francesco"]
[Result "1-0"]
[WhiteElo "2186"]
[BlackElo "2287"]
[PlyCount "83"]
[EventDate "2006.04.23"]

1.c4 e5 2.Nc3 Nf6 3.Nf3 e4 4.Ng5 b5 5.cxb5 d5 6.d3 h6 7.Nh3 Bd6 8.dxe4 
dxe4 9.Bf4 O-O 10.Bxd6 cxd6 11.e3 Bxh3 12.gxh3 d5 13.Qd4 Qe7 14.O-O-O Nbd7
15.Nxd5 Nxd5 16.Qxd5 Nb6 17.Qb3 Qf6 18.Rg1 Qxf2 19.Rg2 Qf3 20.Rgd2 Qh5 21.
Kb1 Rac8 22.a4 Qc5 23.a5 Nc4 24.Bxc4 Qxc4 25.Qxc4 Rxc4 26.Rd7 Rc5 27.Rb7 
Rfc8 28.Rdd7 Rf5 29.a6 Rf2 30.b6 Rf1+ 31.Ka2 Rf6 32.bxa7 Rxa6+ 33.Kb1 Kh7 
34.Rxf7 Kg6 35.Rxg7+ Kh5 36.Rge7 Ra8 37.b4 Ra3 38.Kb2 Rxe3 39.Rb8 Rxa7 40.
Rxa7 Rxh3 41.Re7 Rxh2+ 42.Kc3 1-0

[Event "XII Torneo Leonardo di Bona Masters"]
[Site "Cutro ITA"]
[Date "2006.05.01"]
[Round "9"]
[White "Serratore, Vincenzo"]
[Black "Wohl, Aleksandar H."]
[Result "0-1"]
[WhiteElo "2046"]
[BlackElo "2432"]
[PlyCount "120"]
[EventDate "2006.04.23"]

1.d4 Nf6 2.Bf4 c5 3.d5 Qb6 4.b3 Qb4+ 5.Qd2 Nxd5 6.Bxb8 Qxd2+ 7.Nxd2 Rxb8 
8.e4 Nb4 9.Bd3 g6 10.a3 Bg7 11.Rb1 Nxd3+ 12.cxd3 O-O 13.Ne2 b6 14.O-O Ba6 
15.Nc1 d5 16.b4 dxe4 17.Nxe4 c4 18.b5 Bb7 19.f3 c3 20.Rb4 Rfd8 21.Kf2 f5 
22.Ng5 Bf6 23.h4 Bd5 24.Ne2 h6 25.Nh3 Bf7 26.Ke3 Rd6 27.g3 Rbd8 28.d4 e5 
29.Nf2 exd4+ 30.Kd3 Re8 31.Nd1 c2 32.Nb2 Re3+ 33.Kd2 Rxa3 34.Nc1 d3 35.
Ncxd3 Bxb2 36.Rxb2 Raxd3+ 37.Kxc2 Rd2+ 38.Kc1 Rxb2 39.Kxb2 Rd5 40.Kc3 Rxb5
41.g4 a5 42.g5 hxg5 43.hxg5 f4 44.Rd1 Rxg5 45.Rd4 Rc5+ 46.Kb2 g5 47.Ka3 
Rc3+ 48.Kb2 Rxf3 49.Rd6 b5 50.Rf6 Rd3 51.Rb6 Rb3+ 52.Ka1 Be8 53.Ra6 a4 54.
Rd6 a3 55.Ka2 Re3 56.Rd1 Bf7+ 57.Ka1 b4 58.Rg1 Rg3 59.Rd1 b3 60.Rh1 Rg2 
0-1

[Event "XXVII Moglianoscacchi A"]
[Site "Mogliano Veneto ITA"]
[Date "2006.04.30"]
[Round "2"]
[White "Ceccarini, Marco"]
[Black "Pomaro, Alberto"]
[Result "1-0"]
[WhiteElo "2105"]
[BlackElo "2011"]
[PlyCount "99"]
[EventDate "2006.04.29"]

1. d4 Nf6 2. Nf3 g6 3. Nbd2 Bg7 4. e4 d6 5. Bd3 O-O 6. O-O Nc6 7. c3 e5 8. dxe5
Nxe5 9. Nxe5 dxe5 10. Qc2 c6 11. Nc4 Qc7 12. a4 Be6 13. f3 Rfd8 14. Be3 Rd7 15.
Be2 Rad8 16. Rfd1 Ne8 17. Rxd7 Rxd7 18. Rd1 Rxd1+ 19. Qxd1 Bf8 20. b4 Kg7 21.
Nxe5 Bd6 22. f4 f6 23. Nd3 Bc4 24. g3 a5 25. Nc5 Bf7 26. Qd4 axb4 27. cxb4 h5
28. Bc4 Bxc5 29. Qxc5 b6 30. Qd4 c5 31. bxc5 bxc5 32. Qc3 Qb7 33. Bxf7 Qb1+ 34.
Qc1 Qxc1+ 35. Bxc1 Kxf7 36. Ba3 Nd6 37. Bxc5 Nxe4 38. Bb4 Ke6 39. Kg2 Kd5 40.
Kf3 f5 41. Ke3 Kc4 42. Be1 Nf6 43. h3 Nd5+ 44. Kf3 Nf6 45. a5 Kb5 46. Ke3 h4
47. Kd4 hxg3 48. Bxg3 Kxa5 49. Ke5 Ng8 50. Ke6 1-0

[Event "X Festival A"]
[Site "Salsomaggiore Terme ITA"]
[Date "2006.05.12"]
[Round "1"]
[White "Annoni, Riccardo"]
[Black "Traversi, Carlo"]
[Result "1-0"]
[WhiteElo "2075"]
[BlackElo "1767"]
[PlyCount "53"]
[EventDate "2006.05.12"]

1. e4 Nc6 2. Nf3 e5 3. d4 d6 4. Bc4 Be7 5. O-O Nxd4 6. Nxd4 exd4 7. Qxd4 Nf6 8.
Nc3 O-O 9. b3 a6 10. Bb2 c6 11. a4 Be6 12. Rad1 Bxc4 13. Qxc4 Qc8 14. Rd3 Qe6
15. Qxe6 fxe6 16. Ba3 Rad8 17. Rfd1 c5 18. e5 dxe5 19. Rxd8 Rxd8 20. Rxd8+ Bxd8
21. Bxc5 Nd5 22. Ne4 Bc7 23. c4 Nf6 24. Ng5 Nd7 25. Bb4 Bb8 26. Nxe6 Kf7 27.
Nd8+ 1-0

[Event "X Festival A"]
[Site "Salsomaggiore Terme ITA"]
[Date "2006.05.12"]
[Round "1"]
[White "Barletta, Mauro"]
[Black "Santurbano, Maria Vincenza"]
[Result "1-0"]
[WhiteElo "2258"]
[BlackElo "1965"]
[PlyCount "71"]
[EventDate "2006.05.12"]

1. c4 e5 2. g3 f5 3. Bg2 Nf6 4. d4 exd4 5. Qxd4 Nc6 6. Qd1 Bc5 7. Nf3 O-O 8.
Nc3 d6 9. O-O Be6 10. b3 a6 11. Nd5 Bxd5 12. cxd5 Ne7 13. Ng5 Qd7 14. Ne6 Rf7
15. Bb2 Re8 16. Rc1 Bb6 17. Ng5 Rff8 18. Bd4 Nexd5 19. Bxb6 Nxb6 20. Bxb7 Qe7
21. Bc6 Rd8 22. Qd3 h6 23. Nf3 a5 24. Qxf5 Qxe2 25. Nd4 Qxa2 26. Ra1 Qb2 27.
Ne6 Qxb3 28. Nxd8 Rxd8 29. Rxa5 Qc3 30. Bg2 d5 31. Raa1 Nc4 32. Rac1 Qb3 33.
Rfe1 Qb4 34. Re6 Kf7 35. Bxd5 Rxd5 36. Rxf6+ 1-0

[Event "X Festival A"]
[Site "Salsomaggiore Terme ITA"]
[Date "2006.05.12"]
[Round "1"]
[White "Bonade', Giacomo"]
[Black "Rezzuti, Vincenzo"]
[Result "1-0"]
[WhiteElo "1778"]
[BlackElo "2079"]
[PlyCount "87"]
[EventDate "2006.05.12"]

1. d4 d5 2. Nf3 Nf6 3. Bg5 e6 4. e3 Be7 5. Bd3 Nbd7 6. O-O h6 7. Bh4 O-O 8.
Nbd2 c5 9. c3 b6 10. Rc1 Bb7 11. Re1 Ne4 12. Bxe7 Qxe7 13. Bf1 Rac8 14. g3 f5
15. Nh4 Qf7 16. f3 Nef6 17. Qe2 g5 18. Ng2 Qh5 19. Qf2 Rf7 20. b4 c4 21. Be2
Rcf8 22. Kh1 e5 23. Rg1 e4 24. Qe1 exf3 25. Nxf3 Qg6 26. Qd1 Ng4 27. Qe1 Re7
28. Qf1 Nxe3 29. Nxe3 Rxe3 30. Qf2 Re7 31. Rce1 g4 32. Nh4 Qg5 33. Bd1 Ref7 34.
Re6 Nf6 35. Qxf5 Bc8 36. Qe5 Bxe6 37. Qxe6 Re8 38. Qc6 Rfe7 39. Ng2 Ne4 40. Rf1
Rf8 41. Nf4 Rf6 42. Qc8+ Kg7 43. Bxg4 Rf8 44. Nh5+ 1-0

[Event "X Festival A"]
[Site "Salsomaggiore Terme ITA"]
[Date "2006.05.12"]
[Round "1"]
[White "Bonugli, Carlo"]
[Black "Jones, Alessandro"]
[Result "1-0"]
[WhiteElo "1824"]
[BlackElo "2065"]
[PlyCount "74"]
[EventDate "2006.05.12"]

1. d4 Nf6 2. Nf3 g6 3. Nbd2 Bg7 4. e4 d6 5. Bd3 O-O 6. O-O Nc6 7. c3 e5 8. d5
Ne7 9. b4 c6 10. c4 cxd5 11. cxd5 Ne8 12. Qb3 h6 13. a4 f5 14. Ba3 f4 15. Nc4
g5 16. b5 Ng6 17. Qb4 g4 18. Nfd2 Rf6 19. f3 h5 20. Be2 Bf8 21. Na5 Rf7 22.
Rfc1 g3 23. h3 Qb6+ 24. Kh1 Bxh3 25. Bf1 Nh4 26. Ndc4 Qd8 27. Ra2 Bg4 28. fxg4
Nf5 29. Kg1 Qh4 30. Bd3 Qh2+ 31. Kf1 Qh1+ 32. Ke2 Nd4+ 33. Kd2 Qxg2+ 34. Kc3
Qxa2 35. Nxb7 Rc8 36. Nba5 Ne2+ 37. Bxe2 Qxe2 1-0

[Event "X Festival A"]
[Site "Salsomaggiore Terme ITA"]
[Date "2006.05.12"]
[Round "1"]
[White "Bozuffi, Italo"]
[Black "Brigati, Alessandro"]
[Result "1/2-1/2"]
[WhiteElo "1866"]
[BlackElo "2080"]
[PlyCount "130"]
[EventDate "2006.05.12"]

1. e4 d6 2. d4 Nf6 3. Nc3 g6 4. Nf3 Bg7 5. Bg5 h6 6. Bd2 c6 7. Bd3 O-O 8. Qc1
Kh7 9. h4 Bg4 10. Nh2 e5 11. Nxg4 Nxg4 12. d5 Nd7 13. f3 Ngf6 14. g4 Ne8 15.
Be3 Nc7 16. Qd2 Nc5 17. Be2 Qe7 18. Bxc5 dxc5 19. d6 Qd8 20. dxc7 Qxc7 21. Qe3
b6 22. Rd1 Rfd8 23. O-O Rd4 24. Qf2 Qe7 25. Kg2 Rad8 26. Rh1 Qe6 27. Bd3 Bf8
28. Ne2 R4d7 29. Nc3 c4 30. Be2 Bc5 31. Qg3 Bd4 32. g5 h5 33. Qh3 Qxh3+ 34.
Kxh3 b5 35. a3 Kg7 36. Kg3 Kf8 37. a4 a6 38. axb5 axb5 39. f4 exf4+ 40. Kxf4
Ke8 41. Kf3 Ra7 42. Ra1 Rda8 43. Rxa7 Rxa7 44. Rd1 Bxc3 45. bxc3 Ra3 46. Rd6
Rxc3+ 47. Kf2 Rxc2 48. Rxc6 Rb2 49. e5 Ke7 50. Ke1 Rb3 51. Rb6 Kd7 52. Rf6 Ke7
53. e6 fxe6 54. Rxg6 Rh3 55. Rg7+ Kf8 56. Rb7 Rxh4 57. Rxb5 c3 58. Rc5 Rh3 59.
Kf2 h4 60. Kg2 Rg3+ 61. Kf2 Kg7 62. Bf3 c2 63. Rxc2 Rxg5 64. Rc4 h3 65. Rh4 Kf6
1/2-1/2

[Event "X Festival A"]
[Site "Salsomaggiore Terme ITA"]
[Date "2006.05.12"]
[Round "1"]
[White "Calza, Gabriele"]
[Black "Gualtieri, Primo"]
[Result "1-0"]
[WhiteElo "2039"]
[BlackElo "1598"]
[PlyCount "57"]
[EventDate "2006.05.12"]

1. c4 f5 2. g3 Nf6 3. Bg2 e6 4. Nc3 c6 5. Nf3 d5 6. cxd5 exd5 7. b3 Bd6 8. O-O
O-O 9. Bb2 Nbd7 10. d3 Nc5 11. e3 Bd7 12. Nd4 Re8 13. b4 Qb6 14. bxc5 Qxb2 15.
Na4 Qa3 16. cxd6 c5 17. Nxf5 Bxa4 18. Qc1 Qxc1 19. Raxc1 c4 20. dxc4 dxc4 21.
Bxb7 Rad8 22. Ba6 g6 23. Bxc4+ Kh8 24. Nd4 Rxd6 25. Bb3 Bd7 26. Kg2 Ne4 27. h4
Rf6 28. Rc2 Nxf2 29. Rfxf2 1-0

[Event "X Festival A"]
[Site "Salsomaggiore Terme ITA"]
[Date "2006.05.12"]
[Round "1"]
[White "Cottarelli, Franco"]
[Black "Gromovs, Sergejs"]
[Result "0-1"]
[WhiteElo "1970"]
[BlackElo "2315"]
[PlyCount "92"]
[EventDate "2006.05.12"]

1. b4 e5 2. a3 d5 3. Bb2 f6 4. c4 a5 5. cxd5 axb4 6. e4 bxa3 7. Nxa3 Bc5 8. Nf3
Nh6 9. Bb5+ Bd7 10. Bc4 Nf7 11. Nb5 Rxa1 12. Qxa1 Nd6 13. Nxd6+ cxd6 14. O-O
O-O 15. d4 Bb6 16. Qa3 Bg4 17. Rb1 Bxf3 18. Qxf3 exd4 19. Qg4 Bc5 20. Bc1 b6
21. Bb5 f5 22. exf5 Qf6 23. Bd3 Nd7 24. Bg5 Ne5 25. Qh4 Qf7 26. Be4 d3 27. f6
gxf6 28. Bh6 Ra8 29. Bf5 Kh8 30. Bf4 Ra2 31. Bg3 d2 32. h3 Qg7 33. Kh2 h6 34.
Qh5 Ra8 35. Rd1 Qg5 36. Qxg5 hxg5 37. Rxd2 b5 38. f4 Ra1 39. Bf2 Nc4 40. Re2
gxf4 41. Bxc5 dxc5 42. Re8+ Kg7 43. Rc8 Ne3 44. Be4 Nf1+ 45. Kg1 Ng3+ 46. Kf2
Rf1# 0-1

[Event "X Festival A"]
[Site "Salsomaggiore Terme ITA"]
[Date "2006.05.12"]
[Round "1"]
[White "Efimov, Igor"]
[Black "Baldelli, Alex"]
[Result "1-0"]
[WhiteElo "2437"]
[BlackElo "2028"]
[PlyCount "57"]
[EventDate "2006.05.12"]

1. c4 e6 2. Nf3 Nf6 3. g3 d5 4. Bg2 c5 5. O-O Be7 6. cxd5 Nxd5 7. d4 O-O 8. e4
Nf6 9. Nc3 Nc6 10. d5 exd5 11. exd5 Nb4 12. Ne1 Bg4 13. Qd2 Rb8 14. h3 Bf5 15.
g4 Bg6 16. a3 Na6 17. f4 h6 18. f5 Bh7 19. Qf2 c4 20. Be3 Nd7 21. Rd1 Nac5 22.
f6 Bd6 23. Nb5 Qb6 24. fxg7 Kxg7 25. Qh4 Be7 26. Qxe7 Qxb5 27. Qh4 Rfe8 28.
Qxh6+ Kg8 29. Rxf7 1-0

[Event "X Festival A"]
[Site "Salsomaggiore Terme ITA"]
[Date "2006.05.12"]
[Round "1"]
[White "Ferrari, Cristiano"]
[Black "Vincenzi, Marco"]
[Result "0-1"]
[WhiteElo "1436"]
[BlackElo "2034"]
[PlyCount "70"]
[EventDate "2006.05.12"]

1. d4 c5 2. Nf3 e6 3. c4 cxd4 4. Nxd4 a6 5. Nc3 Nf6 6. Bg5 Be7 7. Bxf6 Bxf6 8.
Nf3 Qa5 9. Qc2 b5 10. Nd2 Bb7 11. Nb3 Qb4 12. cxb5 axb5 13. a3 Bxc3+ 14. Qxc3
Qxc3+ 15. bxc3 Na6 16. e3 Nc7 17. Nd4 Bc6 18. Nxc6 dxc6 19. Bd3 Ke7 20. O-O Ra4
21. Ra2 Rha8 22. Rfa1 Nd5 23. Bc2 R4a7 24. Be4 Nxc3 25. Bxc6 Rc8 26. Bxb5 Nxb5
27. g3 Rca8 28. Kg2 Rxa3 29. Rxa3 Rxa3 30. Rxa3 Nxa3 31. h3 Kd6 32. Kf3 Nc4 33.
Ke2 e5 34. f3 e4 35. fxe4 Ke5 0-1